00778nam a2200253 a 4500001001300000003000900013005001700022008004100039020002300080082002100103100001400124245006100138260004100199300000900240500003500249505003200284650001600316650002400332700001400356902000800370942000700378952012200385999001700507nice12345678IN_TiNIC20260116013924.0050524s1994 newa grp 000 0 eng  a8170364 c32500a306.0899145bROY aRoy, Beth aSome Trouble With Cowsb Making Sense of Social Conflict aNew Delhi bSage Publications c1994 a230p aincludes index and biblioraphy2 aAppendix, Index, References aCaste-India aConflict Resolution1 aRoy, Beth bSRS cBK 001040708StackRoom-aHMIbHMId2007-04-02g325.00l0o306.0899145 ROYp017333r2007-04-02v325.00w2005-05-24yBK c13116d13116